000 00850nam a2200265Ia 4500
003 OSt
005 20220923211807.0
006 a|||||r|||| 00| 0
007 ta
008 220922b |||||||| |||| 00| 0 san d
024 _a55,772
037 _cTextual
040 _aARTS
_cARTS
_bsan
041 _2san
_asan
082 _aP15,C:3x6,3, 152L4
100 _aनागेश भट्ट
245 0 _aपरम लघु म×जूषा
246 _aParam laghu ma×jūṣhā
260 _aवाराणसी
_b चौखम्बा संस्कृत सीरीज आफिस
_c1974
300 _a244पृ0
_ccm.
490 _agfjnkl laLd`r xzUFkekyk( 43
650 _aहिन्दी भाषा
942 _hP15,C:3x6,3, 152L4
_cTEXL
_2CC
999 _c303661
_d303661